| 000 | 01026nam a2200229Ia 4500 | ||
|---|---|---|---|
| 003 | Ost | ||
| 005 | 20260507075635.0 | ||
| 008 | 260507s9999||||xx |||||||||||||| ||und|| | ||
| 020 | _a809473977 | ||
| 040 | _cfsecg | ||
| 041 | _aara | ||
| 082 | _a346.02 | ||
| 100 |
_aحمدي، كمال _eمؤلف |
||
| 245 | 0 |
_aعقد العمل البحري / _c كمال حمدي |
|
| 250 | _aطبعة 2 | ||
| 260 |
_aالإسكندرية: _bمنشأة المعارف, _c2002 |
||
| 300 |
_a213 صفحة؛ _bإيضاحات ؛ _c24 سم |
||
| 520 | _aالربان- تعيين الربان وعزله- وظائف الربان وواجباته وسلطاته- مسؤوليات الربان- البحارة- عقد العمل البحري- الإلتزمات الناشئة عن عقد العمل البحري- انقضاء عقد العمل البحري- المنازعات والمسؤوليات الناشئة عن عقد العمل البحري | ||
| 653 | _aالعقود | ||
| 653 | _aالعمل البحري | ||
| 942 | _cكتاب | ||
| 999 |
_c45288 _d45288 |
||